La situation et le rôle de l'émigration politique polonaise en France à l'epoque de la guerre froide (1944-1956)

Titel: La situation et le rôle de l'émigration politique polonaise en France à l'epoque de la guerre froide (1944-1956)
Verfasser:
In: Michel, Bernard: ˜Lesœ relations entre la France et la Pologne au XXe siècle, (2002), Seite 181-204
alle Artikel anzeigen
Veröffentlicht: 2002
Format: Aufsatz
Sprache: Französisch
Kein Bild verfügbar
X
alg: 39379667
001A    $01999:12-11-16 
001B    $01999:07-04-21 $t19:50:41.000 
001D    $01999:12-11-16 
001U    $0utf8 
001X    $00 
002@    $0Aox 
003@    $0393796671 
007A    $0393796671 $aHEB 
007T    $0Herdk35885 
010@    $afre 
011@    $a2002 
021A    $aLa @situation et le rôle de l'émigration politique polonaise en France à l'epoque de la guerre froide (1944-1956) 
028A    $aŁaptos $dJózef 
031A    $h181-204 $j2002 
039B    $aIn $8--Aaa--Michel, Bernard. Les @relations entre la France et la Pologne au XXe siècle. - Kraków : Eventus, 2002. - 238 S.. - ISBN 83-87997-14-5 $x200200000000000819 $913340367X 
045F    $a900.94380904 $eDDC23BSB 
045F/01 $a900 
045F/03 $f0904 
045F/03 $g438 

lok: 39379667 78

exp: 39379667 78 1 #EPN
201B/01 $014-02-18 $t23:07:32.000 
201U/01 $0utf8 
203@/01 $0789907178 
208@/01 $a12-11-16 $be 
209A/01 $a/ $f000 $x00 
220C/01 $aTitelaufnehmer: pbb 
220C/01 $aHerkunft: IH PAN/PBB Kraków 
244Z/01 $2Trx $#Poola $#Lenkija $#Polija $#Polen Land $#Poland $#Lengyelország $#Poľsko $#Polsko $8--Trx--Polska$gkraj $x01 $9391345966 
244Z/01 $#Frankreich $#Frankreich $#France $#La France $#République Française $#France $#Francija $#Französische Republik $#Empire Français $#République Française $#France Royaume $#Royaume Français $#Fränkische Republik $#Frankreich Kaiserreich $#Frankreich Königreich $#Ṣārfat $#Repubblica Francese $74018145-5 $8--Tgz--Frankreich $x02 $9085042463 
244Z/01 $aGeschichte 1944-1956 $x03 
244Z/01 $2Trx $#pagendus $#išeivija $#exile $#számüzetés $#wychodźstwo $#exil $#exil $8--Trx--Exil $x04 $9391369601 
244Z/01 $2Trx $#suhted, Poola-Prantsuse $#santykiai, lenkų ir prancūzų $#relations, Franco-Polish $#kapcsolatok, francia-lengyel $#stosunki francusko-polskie $#vzťahy francúzsko-poľské $#vztahy francouzsko-polské $8--Trx--Beziehungen, französisch-polnische $x05 $9391379097 
244Z/01 $2Trx $#Külm Sõda 1948-1989 $#šaltasis karas 1948-1989 $#Cold War 1948-1989 $#hideg háború $#zimna wojna 1948-1989 $#studená vojna 1948-1989 $#válka studená 1948-1989 $8--Trx--Kalter Krieg$g1948-1989 $x06 $9391367080 
244Z/01 $2Trx $8--Trx--Einzelbeiträge $x07 $9391384570 
245Z/01 $a06.04.04 $x01 
247C/01 $82080>Marburg/Lahn, Herder-Institut, Forschungsbibliothek, Bibliographieportal $9336309341
LEADER 00000caa a22000002c 4500
001 393796671
003 DE-603
005 20210407195041.0
007 tu
008 161112s2002 xx |||| | u00||u|fre c
035 |a (DE-599)HEB393796671 
040 |a DE-603  |b ger  |c DE-603  |d DE-603 
041 |a fre 
082 0 4 |8 1\u  |a 900.94380904  |q DE-101  |2 23/BSB 
085 |8 1\u  |b 900 
085 |8 1\u  |z 1  |s 0904 
085 |8 1\u  |z 2  |s 438 
100 1 |a Łaptos, Józef 
245 0 0 |a ˜Laœ situation et le rôle de l'émigration politique polonaise en France à l'epoque de la guerre froide (1944-1956) 
264 0 |c 2002 
773 0 8 |i In  |a Michel, Bernard  |t ˜Lesœ relations entre la France et la Pologne au XXe siècle  |d Kraków : Eventus, 2002  |h 238 S.  |z 8387997145  |g (2002), Seite 181-204  |w (DE-603)13340367X 
924 0 |9 2080  |a (DE-603)789907178  |b DE-2080  |c HES  |d d  |g /